Central Library OPAC University of Rajshahi

Aging and society : (Record no. 34379)

MARC details
000 -LEADER
fixed length control field 00924nam a2200289 i 4500
001 - CONTROL NUMBER
control field 34379
003 - CONTROL NUMBER IDENTIFIER
rucl marc code BD-RjUL
005 - DATE AND TIME OF LATEST TRANSACTION
control field 20211209052141.0
008 - FIXED-LENGTH DATA ELEMENTS--GENERAL INFORMATION
fixed length control field 140517s1980 cau b 000 0 eng
020 ## - INTERNATIONAL STANDARD BOOK NUMBER
International Standard Book Number 0803911815
International Standard Book Number 0803911823 (pbk.)
035 ## - SYSTEM CONTROL NUMBER
System control number (BD-RjUL)34473
040 ## - CATALOGING SOURCE
Original cataloging agency DLC
Transcribing agency DLC
Modifying agency DLC
-- BD-RjUL
Language of cataloging eng
041 ## - LANGUAGE CODE
Language code of text/sound track or separate title eng
082 00 - DEWEY DECIMAL CLASSIFICATION NUMBER
Classification number 301.4350973
Author mark and year AGI 1980
245 00 - TITLE STATEMENT
Title Aging and society :
Remainder of title current research and policy perspectives /
Statement of responsibility, etc. edited by Edgar F. Borgatta and Neil G. McCluskey.
260 ## - PUBLICATION, DISTRIBUTION, ETC. (IMPRINT)
Place of publication, distribution, etc. Beverly Hills, Calif. :
Name of publisher, distributor, etc. Sage Publications,
Date of publication, distribution, etc. c1980.
300 ## - PHYSICAL DESCRIPTION
Pagination 216 p. ;
Size 23 cm.
504 ## - BIBLIOGRAPHY, ETC. NOTE
Bibliography, etc Includes bibliographies.
650 #0 - SUBJECT ADDED ENTRY--TOPICAL TERM
Topical term or geographic name as entry element Gerontology
Geographic subdivision United States.
9 (RLIN) 104544
700 1# - ADDED ENTRY--PERSONAL NAME
Personal name Borgatta, Edgar F.,
Dates associated with a name 1924-
Personal name McCluskey, Neil Gerard.
942 ## - ADDED ENTRY ELEMENTS (KOHA)
Source of classification or shelving scheme Dewey Decimal Classification
Koha item type Books
Holdings
Lost status Source of classification or shelving scheme Damaged status Not for loan Collection code Permanent Location Current Location Shelving location Date acquired Source of acquisition Cost, normal purchase price Total Checkouts Full call number Date last seen Copy number Koha item type
  Dewey Decimal Classification   Not For Loan Non-fiction Central Library, University of Rajshahi Central Library, University of Rajshahi Reading Room 10/05/1983 Heffers. 17.25   301.4350973 AGI 1980 17/05/2014 C-1 Books